000 00351nam a2200145Ia 4500
003 Ost
005 20260225132555.0
008 260225s9999||||xx |||||||||||||| ||und||
040 _cfsic
041 _afre
082 _a440
245 0 _aMondialisation et sécurité :
245 0 _bsécurité pour tous ou insécurité partagée /
942 _cكتاب
999 _c34425
_d34425